[Event "September Lviv Tradition (IM-group B)"]
[Site "Lviv"]
[Date "2017.09.26"]
[Round "1.1"]
[White "Tokranovs, Dmitrijs"]
[Black "Mosesov, Danylo"]
[Result "1-0"]
[WhiteElo "2334"]
[BlackElo "2040"]
[PlyCount "75"]
[EventDate "2017.??.??"]
[EventType "tourn (corr)"]
[EventRounds "10"]

1. Nf3 Nf6 2. b3 g6 3. Bb2 Bg7 4. e3 O-O 5. Be2 d6 6. d4 Nbd7 7. c4 e5 8. Nc3
c6 9. Qc2 Qe7 10. O-O-O a6 11. h4 b5 12. dxe5 dxe5 13. h5 Nc5 14. hxg6 hxg6 15.
Ng5 e4 16. Qd3 Bg4 17. Kb1 Rfd8 18. Qc2 Nd3 19. Rxd3 exd3 20. Bxd3 Qd6 21. Nce4
Nxe4 22. Bxe4 Qd2 23. Bxg7 Kxg7 24. Rh7+ Kg8 25. Qxd2 Rxd2 26. Rxf7 bxc4 27.
Bxg6 cxb3 28. axb3 Rb8 29. Ne4 Rd1+ 30. Kc2 Rh1 31. Nf6+ Kh8 32. Nxg4 Rb5 33.
f4 Rc5+ 34. Kd3 Rb5 35. f5 Rxb3+ 36. Kc2 Rb8 37. e4 Rh4 38. Nf6 1-0

[Event "September Lviv Tradition (IM-group B)"]
[Site "Lviv"]
[Date "2017.09.26"]
[Round "1.2"]
[White "Belunek, Vladimir"]
[Black "Punin, Andrii"]
[Result "1/2-1/2"]
[WhiteElo "2213"]
[BlackElo "2252"]
[PlyCount "49"]
[EventDate "2017.??.??"]
[EventType "tourn (corr)"]
[EventRounds "10"]

1. d4 Nf6 2. c4 e6 3. Nf3 d5 4. Nc3 Bb4 5. Bg5 dxc4 6. e4 c5 7. Bxc4 cxd4 8.
Nxd4 Qa5 9. Bb5+ Bd7 10. Bxf6 Bxc3+ 11. bxc3 gxf6 12. Qb3 Bxb5 13. Nxb5 O-O 14.
O-O Nc6 15. Rad1 Qb6 16. c4 Rad8 17. Qg3+ Kh8 18. Qh4 Kg7 19. Qg4+ Kh8 20. Qf4
Kg7 21. Qg3+ Kh8 22. Qh4 Kg7 23. Qg4+ Kh8 24. Qf4 Kg7 25. Qg3+ $11 1/2-1/2

[Event "September Lviv Tradition (IM-group B)"]
[Site "Lviv"]
[Date "2017.09.26"]
[Round "1.3"]
[White "Frolov, Artur"]
[Black "Polulikh, Bogdan"]
[Result "1-0"]
[WhiteElo "2405"]
[BlackElo "2165"]
[PlyCount "81"]
[EventDate "2017.??.??"]
[EventType "tourn (corr)"]
[EventRounds "10"]

1. d4 Nf6 2. Nf3 e6 3. g3 d5 4. Bg2 Be7 5. O-O O-O 6. c4 dxc4 7. Nc3 c6 8. Ne5
Nbd7 9. Nxc4 Nd5 10. e4 Nxc3 11. bxc3 e5 12. dxe5 b5 13. e6 fxe6 14. Nd6 Ne5
15. Nxc8 Qxc8 16. a4 a6 17. Qe2 Bc5 18. Kh1 g6 19. f4 Nc4 20. axb5 cxb5 21. f5
Ra7 22. Bh6 Rff7 23. fxg6 hxg6 24. e5 Kh7 25. Bf4 Rf5 26. Be4 Raf7 27. Bxf5
Rxf5 28. Qe4 a5 29. g4 Rf8 30. Rf3 Qa8 31. Qxa8 Rxa8 32. Rd1 a4 33. Rh3+ Kg8
34. Rd7 Bf8 35. Rhh7 a3 36. Ra7 Rd8 37. Bg5 a2 38. Kg2 Rd2+ 39. Bxd2 Na3 40.
Rhg7+ Kh8 41. Rgf7 1-0

[Event "September Lviv Tradition (IM-group B)"]
[Site "Lviv"]
[Date "2017.09.26"]
[Round "1.4"]
[White "Shkuran, Danylo"]
[Black "Bogdanov, Egor"]
[Result "0-1"]
[WhiteElo "2418"]
[BlackElo "2328"]
[PlyCount "88"]
[EventDate "2017.??.??"]
[EventType "tourn (corr)"]
[EventRounds "10"]

1. e4 c5 2. Nf3 d6 3. d4 cxd4 4. Nxd4 Nf6 5. Nc3 g6 6. g3 Nc6 7. Bg2 Nxd4 8.
Qxd4 Bg7 9. O-O O-O 10. Qd3 Ng4 11. a4 Be6 12. Nd5 Rc8 13. c3 Ne5 14. Qd1 Nc4
15. h3 Bxd5 16. exd5 Qb6 17. Ra2 h5 18. Re1 Be5 19. Kf1 Qc5 20. Qe2 f5 21. Qd3
Kg7 22. Bf3 Bf6 23. Kg2 Ne5 24. Qe2 g5 25. Kg1 Qc4 26. Ra1 g4 27. Bg2 gxh3 28.
Bh1 h4 29. Qxc4 Rxc4 30. Be3 Nd3 31. Re2 hxg3 32. fxg3 Be5 33. Kh2 f4 34. gxf4
Nxf4 35. Bxf4 Rcxf4 36. Kxh3 Rh8+ 37. Kg2 Rfh4 38. Ree1 Rh2+ 39. Kf3 R8h3+ 40.
Ke4 Rxb2 41. Rab1 Rf2 42. Rf1 Re2+ 43. Kf5 Bf6 44. Rxb7 Rh4 0-1

[Event "September Lviv Tradition (IM-group B)"]
[Site "Lviv"]
[Date "2017.09.26"]
[Round "1.5"]
[White "Lagashin, Pavel"]
[Black "Kagramanianz, Vartan"]
[Result "1-0"]
[WhiteElo "2138"]
[BlackElo "2269"]
[PlyCount "47"]
[EventDate "2017.??.??"]
[EventType "tourn (corr)"]
[EventRounds "10"]

1. d4 d5 2. c4 c6 3. cxd5 cxd5 4. Bf4 Nc6 5. e3 Nf6 6. Nc3 a6 7. Be2 e6 8. Rc1
Bd6 9. Bxd6 Qxd6 10. f4 Bd7 11. Nf3 Rc8 12. O-O O-O 13. Bd3 Na5 14. Ne5 b5 15.
g4 b4 16. g5 Ne8 17. Ne2 Rxc1 18. Nxc1 Nc4 19. Bxh7+ Kxh7 20. Qh5+ Kg8 21. Rf3
Nxe5 22. Rh3 f5 23. fxe5 Qc6 24. Ne2 1-0

[Event "September Lviv Tradition (IM-group B)"]
[Site "Lviv"]
[Date "2017.09.27"]
[Round "2.1"]
[White "Mosesov, Danylo"]
[Black "Kagramanianz, Vartan"]
[Result "1-0"]
[WhiteElo "2040"]
[BlackElo "2269"]
[PlyCount "51"]
[EventDate "2017.??.??"]
[EventType "tourn (corr)"]
[EventRounds "10"]

1. d4 d5 2. c4 c6 3. Nf3 Nf6 4. Nbd2 e6 5. g3 Be7 6. Bg2 O-O 7. O-O b6 8. Qc2
Bb7 9. e4 dxe4 10. Nxe4 Nbd7 11. Rd1 Qc8 12. Nxf6+ Nxf6 13. b3 c5 14. Bb2 Be4
15. Qe2 Qb7 16. dxc5 bxc5 17. Nh4 Bxg2 18. Nxg2 a5 19. Rd3 a4 20. Ne3 Rfe8 21.
Ng4 Nxg4 22. Qxg4 Bf8 23. Rad1 Ra7 24. Rd8 Ra8 25. R1d7 Qc6 26. Qh5 1-0

[Event "September Lviv Tradition (IM-group B)"]
[Site "Lviv"]
[Date "2017.09.27"]
[Round "2.2"]
[White "Bogdanov, Egor"]
[Black "Lagashin, Pavel"]
[Result "1-0"]
[WhiteElo "2328"]
[BlackElo "2138"]
[PlyCount "69"]
[EventDate "2017.??.??"]
[EventType "tourn (corr)"]
[EventRounds "10"]

1. e4 e5 2. f4 exf4 3. Nf3 d5 4. exd5 Nf6 5. Bb5+ Bd7 6. Bc4 Bg4 7. O-O Nxd5 8.
Qe2+ Be7 9. Qe5 Nf6 10. Qxf4 Nc6 11. Ng5 Bh5 12. c3 O-O 13. d4 Bg6 14. Kh1 Bd6
15. Qh4 Ne7 16. Nd2 Nf5 17. Qh3 Nh6 18. Ndf3 Nhg4 19. Nh4 Nxh2 20. Nxg6 Nxf1
21. Nxf8 Ng3+ 22. Kg1 Kxf8 23. Nxh7+ Nxh7 24. Qxh7 Qf6 25. Qh8+ Ke7 26. Qxa8
Ne4 27. Be3 Qh4 28. Qg8 Qh2+ 29. Kf1 Qh1+ 30. Ke2 Qxg2+ 31. Kd3 Nf6 32. Qxf7+
Kd8 33. Re1 b5 34. Bxb5 Qxb2 35. Bc6 1-0

[Event "September Lviv Tradition (IM-group B)"]
[Site "Lviv"]
[Date "2017.09.27"]
[Round "2.3"]
[White "Polulikh, Bogdan"]
[Black "Shkuran, Danylo"]
[Result "0-1"]
[WhiteElo "2165"]
[BlackElo "2418"]
[PlyCount "112"]
[EventDate "2017.??.??"]
[EventType "tourn (corr)"]
[EventRounds "10"]

1. d4 Nf6 2. Nf3 g6 3. Bf4 Bg7 4. e3 d6 5. h3 O-O 6. Be2 Nfd7 7. e4 Nc6 8. d5
Nce5 9. Nc3 Nxf3+ 10. Bxf3 c5 11. Qd2 Qa5 12. Bh6 b5 13. h4 Bxh6 14. Qxh6 f6
15. Qd2 Ba6 16. h5 g5 17. Be2 b4 18. Nd1 c4 19. O-O Rfc8 20. Ne3 c3 21. bxc3
bxc3 22. Qe1 Bxe2 23. Qxe2 Ne5 24. Nf5 Qc7 25. Rfb1 Rab8 26. Rb3 Kf7 27. Rab1
Rxb3 28. Rxb3 Rb8 29. Qa6 Rxb3 30. axb3 Ng4 31. Qe2 Ne5 32. Qb5 Nd7 33. Kh2 Ne5
34. f3 Nd7 35. Nd4 Ne5 36. Kg3 Qc8 37. Nc6 Qc7 38. Kf2 Qc8 39. b4 a6 40. Qb8
Qxb8 41. Nxb8 Nd3+ 42. Ke3 Nxb4 43. Kd4 Nxc2+ 44. Kxc3 Ne1 45. Nxa6 Nxg2 46.
Kd2 h6 47. Nb4 Nf4 48. Nc6 Nxh5 49. Ke3 Nf4 50. Nd4 h5 51. Nf5 Ng6 52. Kf2 Nh4
53. Nd4 f5 54. exf5 Kf6 55. Ne6 Nxf5 56. Nf8 Ke5 0-1

[Event "September Lviv Tradition (IM-group B)"]
[Site "Lviv"]
[Date "2017.09.27"]
[Round "2.4"]
[White "Punin, Andrii"]
[Black "Frolov, Artur"]
[Result "1/2-1/2"]
[WhiteElo "2252"]
[BlackElo "2405"]
[PlyCount "102"]
[EventDate "2017.??.??"]
[EventType "tourn (corr)"]
[EventRounds "10"]

1. d4 Nf6 2. c4 c5 3. d5 e5 4. Nc3 d6 5. e4 g6 6. Be2 h5 7. Nf3 Bh6 8. Bxh6
Rxh6 9. Qd2 Rh8 10. Ng5 Nh7 11. Nxh7 Rxh7 12. f4 Nd7 13. Nb5 Ke7 14. g3 a6 15.
Nc3 h4 16. O-O-O Qh8 17. Bf3 b5 18. Kb1 Rb8 19. f5 Qf6 20. g4 g5 21. Be2 b4 22.
Na4 Rh8 23. Rc1 Kf8 24. h3 Kg7 25. Bd1 Qd8 26. Rf1 Kh6 27. Re1 Nf6 28. b3 Bd7
29. Ka1 Rb7 30. Rb1 Qa5 31. Nb2 Qc7 32. Bc2 Nh7 33. Rf1 f6 34. Nd3 Ra8 35. Nb2
Be8 36. Rfc1 Nf8 37. Na4 Nd7 38. Bd1 Nb6 39. Qc2 Nc8 40. Rb2 Rab8 41. Kb1 Nb6
42. Ka1 Nxa4 43. bxa4 b3 44. Rxb3 Bxa4 45. Rxb7 Qxb7 46. Qc3 Be8 47. Bc2 Qb4
48. Qxb4 Rxb4 49. Bd1 Kg7 50. a3 Rb7 51. Rb1 $11 Rxb1+ 1/2-1/2

[Event "September Lviv Tradition (IM-group B)"]
[Site "Lviv"]
[Date "2017.09.27"]
[Round "2.5"]
[White "Tokranovs, Dmitrijs"]
[Black "Belunek, Vladimir"]
[Result "1-0"]
[WhiteElo "2334"]
[BlackElo "2213"]
[PlyCount "85"]
[EventDate "2017.??.??"]
[EventType "tourn (corr)"]
[EventRounds "10"]

1. e4 c5 2. c3 d5 3. exd5 Qxd5 4. d4 Nf6 5. Nf3 e6 6. Na3 Qd8 7. Nc2 Nc6 8. Bb5
Bd7 9. O-O Be7 10. dxc5 Bxc5 11. Be3 Bxe3 12. Nxe3 O-O 13. Qe2 Qc7 14. Rfd1
Rfd8 15. h3 h6 16. Ba4 Ne5 17. Bxd7 Nfxd7 18. Nd4 a6 19. f4 Nc6 20. f5 Nxd4 21.
cxd4 exf5 22. Nxf5 Nf6 23. Qf3 Kh7 24. Rf1 Qb6 25. Rad1 Rd7 26. Rd3 Qd8 27. Qg3
g6 28. Qf4 Ng8 29. Ne3 Rc8 30. Ng4 f5 31. Ne5 Rg7 32. d5 Nf6 33. d6 Rc2 34. Rc1
Qb6+ 35. Kh2 Rxc1 36. Qxc1 Qb5 37. Qc3 Nd7 38. Nxd7 Rxd7 39. Qd4 h5 40. Re3 Qc6
41. Re6 Rg7 42. Qe5 Qd7 43. Re7 1-0

[Event "September Lviv Tradition (IM-group B)"]
[Site "Lviv"]
[Date "2017.09.27"]
[Round "3.1"]
[White "Belunek, Vladimir"]
[Black "Mosesov, Danylo"]
[Result "1/2-1/2"]
[WhiteElo "2213"]
[BlackElo "2040"]
[PlyCount "89"]
[EventDate "2017.??.??"]
[EventType "tourn (corr)"]
[EventRounds "10"]

1. d4 Nf6 2. Nf3 e6 3. g3 d5 4. Bg2 Be7 5. O-O O-O 6. c4 dxc4 7. Qc2 a6 8. a4
Bd7 9. Qxc4 Bc6 10. Bg5 a5 11. Nc3 Na6 12. Rad1 Nb4 13. Bxf6 Bxf6 14. e4 b6 15.
Rd2 Qd7 16. Qb3 Rfe8 17. Rfd1 Rad8 18. h4 h5 19. Bh3 Qe7 20. Bg2 g6 21. e5 Bg7
22. Ng5 Bd5 23. Nxd5 exd5 24. f4 Bh6 25. Nf3 c5 26. Bh3 c4 27. Qc3 Nd3 28. Bf1
Nb4 29. b3 cxb3 30. Bh3 Qb7 31. Qxb3 Re7 32. Rc1 Rc7 33. Rdd1 Rc4 34. e6 Bg7
35. exf7+ Qxf7 36. Ng5 Bxd4+ 37. Kh2 Qe8 38. Be6+ Kg7 39. Rxc4 dxc4 40. Qxc4
Bf6 41. Rxd8 Qxd8 42. Ne4 Qd4 43. Qc7+ Kh6 44. Ng5 Qf2+ 45. Kh3 1/2-1/2

[Event "September Lviv Tradition (IM-group B)"]
[Site "Lviv"]
[Date "2017.09.27"]
[Round "3.2"]
[White "Frolov, Artur"]
[Black "Tokranovs, Dmitrijs"]
[Result "1/2-1/2"]
[WhiteElo "2405"]
[BlackElo "2334"]
[PlyCount "82"]
[EventDate "2017.??.??"]
[EventType "tourn (corr)"]
[EventRounds "10"]

1. d4 Nf6 2. Nf3 e6 3. g3 b6 4. Bg2 Bb7 5. O-O Be7 6. c4 O-O 7. Nc3 Ne4 8. Nxe4
Bxe4 9. Bd2 d5 10. Rc1 Nd7 11. cxd5 exd5 12. b4 c5 13. bxc5 bxc5 14. dxc5 Nxc5
15. Bb4 Ne6 16. Qa4 Bxb4 17. Qxb4 Qb6 18. Qa3 a5 19. Rfd1 Rfd8 20. e3 h6 21.
Nd4 Bxg2 22. Kxg2 Rac8 23. Rxc8 Rxc8 24. Nf5 Rc2 25. Ne7+ Kh8 26. Nxd5 Qb2 27.
Qxb2 Rxb2 28. a4 Ra2 29. Nb6 Nc5 30. Rd4 g6 31. g4 Kg7 32. Kg3 Nb3 33. Rd5 Nd2
34. Rxa5 Ne4+ 35. Kf3 Ng5+ 36. Kg2 Ne4 37. Ra8 Rxf2+ 38. Kg1 Ra2 39. a5 Ng5 40.
h4 Nf3+ 41. Kf1 Rd2 1/2-1/2

[Event "September Lviv Tradition (IM-group B)"]
[Site "Lviv"]
[Date "2017.09.27"]
[Round "3.3"]
[White "Shkuran, Danylo"]
[Black "Punin, Andrii"]
[Result "0-1"]
[WhiteElo "2418"]
[BlackElo "2252"]
[PlyCount "100"]
[EventDate "2017.??.??"]
[EventType "tourn (corr)"]
[EventRounds "10"]

1. e4 e5 2. Nf3 Nc6 3. Bb5 a6 4. Ba4 Nf6 5. Qe2 b5 6. Bb3 Bc5 7. a4 Rb8 8. axb5
axb5 9. O-O O-O 10. d3 d6 11. Be3 Bg4 12. c3 Qe7 13. Nbd2 Bxe3 14. fxe3 b4 15.
h3 Be6 16. Bxe6 Qxe6 17. c4 Ra8 18. Qf2 Ne7 19. Nh4 Nd7 20. d4 Nb6 21. d5 Qc8
22. Nf5 Nxf5 23. exf5 f6 24. e4 Na4 25. Nb3 c5 26. Qe2 Rf7 27. h4 Rfa7 28. g4
Nb6 29. Rac1 Qd8 30. Rf3 Nc8 31. Rg3 Ne7 32. g5 Kh8 33. Kh2 Ng8 34. Rcg1 Qf8
35. Qg2 Rc7 36. Nd2 Rca7 37. Nf3 Ra1 38. h5 Rxg1 39. Qxg1 fxg5 40. Nxg5 Qf6 41.
Ne6 Ra7 42. Kh3 Qh6 43. Rg5 Nf6 44. Qg2 Nxh5 45. Kg4 Nf6+ 46. Kg3 Re7 47. Kf3
Qh4 48. Ke3 Qe1+ 49. Kd3 Qd1+ 50. Ke3 Qb3+ 0-1

[Event "September Lviv Tradition (IM-group B)"]
[Site "Lviv"]
[Date "2017.09.27"]
[Round "3.4"]
[White "Lagashin, Pavel"]
[Black "Polulikh, Bogdan"]
[Result "0-1"]
[WhiteElo "2138"]
[BlackElo "2165"]
[PlyCount "48"]
[EventDate "2017.??.??"]
[EventType "tourn (corr)"]
[EventRounds "10"]

1. d4 d5 2. c4 c6 3. cxd5 cxd5 4. Bf4 Nf6 5. Nc3 a6 6. e3 Nc6 7. Be2 Bf5 8. g4
Bd7 9. g5 Ne4 10. Qb3 e6 11. Nxe4 dxe4 12. a3 Na5 13. Qa2 Bc6 14. Rc1 Bd5 15.
Qb1 Rc8 16. b4 Nc4 17. Bxc4 Bxc4 18. Ne2 a5 19. Rg1 axb4 20. axb4 Qb6 21. b5
Ba3 22. Rc2 O-O 23. Qa1 Qa5+ 24. Kf1 Bxe2+ 0-1

[Event "September Lviv Tradition (IM-group B)"]
[Site "Lviv"]
[Date "2017.09.27"]
[Round "3.5"]
[White "Kagramanianz, Vartan"]
[Black "Bogdanov, Egor"]
[Result "0-1"]
[WhiteElo "2269"]
[BlackElo "2328"]
[PlyCount "88"]
[EventDate "2017.??.??"]
[EventType "tourn (corr)"]
[EventRounds "10"]

1. e4 c5 2. c3 Nf6 3. e5 Nd5 4. d4 cxd4 5. Nf3 Nc6 6. cxd4 d6 7. Bc4 e6 8. O-O
Be7 9. Nbd2 Qc7 10. Qe2 O-O 11. exd6 Bxd6 12. Ne4 Bf4 13. Bxd5 exd5 14. Nc3
Bxc1 15. Raxc1 Bg4 16. Qd3 Rad8 17. Ng5 g6 18. h3 Bf5 19. Qd2 Qb6 20. Rfd1 Rfe8
21. g4 Bc8 22. Qf4 f5 23. gxf5 Bxf5 24. Qh4 Qc7 25. Nb5 Qg7 26. Nc3 h6 27. Nf3
Be4 28. Ne5 g5 29. Qg3 Nxe5 30. dxe5 Rxe5 31. Nxe4 Rxe4 32. Rd2 d4 33. Rcd1 Qf7
34. b3 Rf4 35. Qd3 Kg7 36. Qc4 Qxc4 37. bxc4 Kf6 38. Kg2 b6 39. a4 Ke5 40. a5
bxa5 41. Ra1 d3 42. Rxa5+ Kd4 43. Rxa7 Kc3 44. Rda2 Rxc4 0-1

[Event "September Lviv Tradition (IM-group B)"]
[Site "Lviv"]
[Date "2017.09.28"]
[Round "4.1"]
[White "Mosesov, Danylo"]
[Black "Bogdanov, Egor"]
[Result "1-0"]
[WhiteElo "2040"]
[BlackElo "2328"]
[PlyCount "99"]
[EventDate "2017.??.??"]
[EventType "tourn (corr)"]
[EventRounds "10"]

1. e4 c5 2. Nf3 g6 3. d4 cxd4 4. Qxd4 Nf6 5. e5 Nc6 6. Qa4 Nd5 7. Qe4 Ndb4 8.
Bb5 Qa5 9. Nc3 d5 10. exd6 Bf5 11. Qe5 O-O-O 12. Qxh8 Nxc2+ 13. Ke2 Nxa1 14.
Qxh7 Nc2 15. Rd1 Qb4 16. Kf1 N6d4 17. Nxd4 Nxd4 18. d7+ Bxd7 19. Bxd7+ Rxd7 20.
Qxf7 e6 21. Qxg6 Qc4+ 22. Qd3 Qc6 23. Be3 e5 24. Ne4 Kb8 25. Rc1 Qg6 26. Nc5
Qxd3+ 27. Nxd3 Nc6 28. Ke2 a5 29. Rc4 Nd4+ 30. Bxd4 exd4 31. Ne5 Rd5 32. f4 b5
33. Rxd4 Rxd4 34. Nc6+ Kc7 35. Nxd4 Kb6 36. g4 Bg7 37. Kd3 Bh8 38. g5 Kc5 39.
Ne6+ Kd6 40. f5 Bxb2 41. g6 Ke7 42. h4 a4 43. h5 b4 44. Kc2 Be5 45. h6 Kf6 46.
h7 Kxf5 47. g7 b3+ 48. axb3 a3 49. Kb1 Bxg7 50. Nxg7+ 1-0

[Event "September Lviv Tradition (IM-group B)"]
[Site "Lviv"]
[Date "2017.09.28"]
[Round "4.2"]
[White "Polulikh, Bogdan"]
[Black "Kagramanianz, Vartan"]
[Result "1-0"]
[WhiteElo "2165"]
[BlackElo "2269"]
[PlyCount "141"]
[EventDate "2017.??.??"]
[EventType "tourn (corr)"]
[EventRounds "10"]

1. d4 d5 2. Nf3 Nf6 3. c4 c6 4. Nc3 a6 5. a4 e6 6. g3 Be7 7. Bg2 O-O 8. O-O h6
9. Re1 Bb4 10. Qb3 a5 11. Rd1 b6 12. cxd5 exd5 13. Na2 Bd6 14. Bf4 Ba6 15. Qc2
Re8 16. Be5 Ne4 17. Bxd6 Nxd6 18. e3 f6 19. Nd2 Bc8 20. Rac1 Bf5 21. Qb3 Ra7
22. Nc3 Kh8 23. Ne2 Rae7 24. Re1 Ne4 25. Nxe4 Bxe4 26. Bxe4 Rxe4 27. Nf4 g5 28.
f3 gxf4 29. fxe4 fxg3 30. hxg3 Rxe4 31. Kf2 Na6 32. Rh1 Kg7 33. Rh4 Nb4 34.
Rch1 Qd7 35. Rxh6 Qf5+ 36. Kg2 Re6 37. R6h4 Qc2+ 38. Qxc2 Nxc2 39. Kf2 c5 40.
Rc1 Nb4 41. Ke2 c4 42. Kd2 Nd3 43. Rb1 Nf2 44. Rf1 Ne4+ 45. Kc2 Kg6 46. Rg4+
Ng5 47. Rgf4 Ne4 48. g4 Ng3 49. R1f3 Ne4 50. Rf5 Rd6 51. Rh3 Rd8 52. Rhh5 Ng5
53. Rhxg5+ fxg5 54. Kc3 Rd6 55. Re5 Kf6 56. e4 dxe4 57. Rxe4 Rd8 58. Re5 Rh8
59. Kxc4 Rh2 60. Rb5 Rg2 61. Rxb6+ Ke7 62. Rb5 Rxg4 63. Rxa5 Rg1 64. b4 Rc1+
65. Kb3 Rb1+ 66. Kc3 Rc1+ 67. Kb2 Rc4 68. Kb3 Rxd4 69. Rxg5 Kd6 70. Rc5 Rd1 71.
Kc4 1-0

[Event "September Lviv Tradition (IM-group B)"]
[Site "Lviv"]
[Date "2017.09.28"]
[Round "4.3"]
[White "Punin, Andrii"]
[Black "Lagashin, Pavel"]
[Result "1-0"]
[WhiteElo "2252"]
[BlackElo "2138"]
[PlyCount "105"]
[EventDate "2017.??.??"]
[EventType "tourn (corr)"]
[EventRounds "10"]

1. Nf3 Nf6 2. c4 b6 3. d4 Bb7 4. Nc3 g6 5. g3 Bg7 6. Bg2 Ne4 7. Nxe4 Bxe4 8.
O-O O-O 9. Be3 c5 10. Qd2 cxd4 11. Bxd4 Bxd4 12. Qxd4 Bb7 13. Rfd1 d6 14. Qh4
Qc7 15. Qh6 Bxf3 16. Bxf3 Nc6 17. h4 Rac8 18. h5 Ne5 19. b3 Nxf3+ 20. exf3 Qb7
21. Rd5 e6 22. Rxd6 Qxf3 23. Rad1 Qf6 24. hxg6 hxg6 25. Qd2 Kg7 26. Kg2 Qf5 27.
Qc3+ e5 28. Qf3 Rc7 29. Qxf5 gxf5 30. Rh1 f6 31. Kf3 Rff7 32. Rhd1 Rfe7 33. Ke3
Kf7 34. a4 Re6 35. R6d5 Ree7 36. Kd3 Red7 37. Kc3 Rxd5 38. Rxd5 Kg6 39. b4 Kg5
40. Rd6 Rf7 41. c5 bxc5 42. bxc5 Kg4 43. Kc4 Kf3 44. Rd2 e4 45. c6 e3 46. fxe3
Kxe3 47. Rd7 Rf8 48. Rxa7 Kf3 49. Rg7 f4 50. gxf4 Kxf4 51. Kd5 f5 52. c7 Ke3
53. Kc6 1-0

[Event "September Lviv Tradition (IM-group B)"]
[Site "Lviv"]
[Date "2017.09.28"]
[Round "4.4"]
[White "Tokranovs, Dmitrijs"]
[Black "Shkuran, Danylo"]
[Result "1/2-1/2"]
[WhiteElo "2334"]
[BlackElo "2418"]
[PlyCount "65"]
[EventDate "2017.??.??"]
[EventType "tourn (corr)"]
[EventRounds "10"]

1. e4 c5 2. Nf3 e6 3. c3 Nf6 4. e5 Nd5 5. d4 cxd4 6. cxd4 d6 7. Bc4 Nb6 8. Bd3
Be7 9. O-O Nc6 10. a3 d5 11. Nc3 a6 12. Ne2 Bd7 13. Ng3 Na5 14. b3 Rc8 15. Bd2
Na8 16. Bb4 Bxb4 17. axb4 Nc6 18. b5 axb5 19. Bxb5 Nxe5 20. Nxe5 Bxb5 21. Qg4
O-O 22. Rfe1 Nc7 23. Nh5 Ne8 24. Re3 g6 25. Qf4 Qc7 26. Nf6+ Nxf6 27. Qxf6 Qd8
28. Qf4 f6 29. Ng4 Qe7 30. Rae1 Bd7 31. Rf3 Kg7 32. Qh6+ Kg8 33. Qf4 $11
1/2-1/2

[Event "September Lviv Tradition (IM-group B)"]
[Site "Lviv"]
[Date "2017.09.28"]
[Round "4.5"]
[White "Belunek, Vladimir"]
[Black "Frolov, Artur"]
[Result "0-1"]
[WhiteElo "2213"]
[BlackElo "2405"]
[PlyCount "116"]
[EventDate "2017.??.??"]
[EventType "tourn (corr)"]
[EventRounds "10"]

1. d4 Nf6 2. c4 c5 3. d5 e5 4. Nc3 d6 5. e4 g6 6. Be2 h5 7. Nf3 Bh6 8. Bxh6
Rxh6 9. Qd2 Rh8 10. O-O-O Bg4 11. Ne1 Bxe2 12. Qxe2 Nbd7 13. g3 h4 14. Nd3 Qe7
15. f4 hxg3 16. hxg3 O-O-O 17. Qf3 Rxh1 18. Rxh1 Re8 19. Re1 a6 20. a4 g5 21.
f5 Rh8 22. Nf2 Qf8 23. Rh1 Rh6 24. Rxh6 Qxh6 25. Qh1 Qxh1+ 26. Nxh1 Ng4 27. Kd2
Kc7 28. Nd1 Ndf6 29. Nhf2 Nxf2 30. Nxf2 Nh5 31. g4 Nf4 32. a5 b6 33. axb6+ Kxb6
34. Kc3 Ne2+ 35. Kb3 Nd4+ 36. Ka4 f6 37. Nd3 Nf3 38. Nf2 Nd2 39. b3 Nb1 40. Nd1
Kb7 41. Nf2 Ka7 42. Nd1 Kb6 43. Nf2 Nc3+ 44. Ka3 Ka5 45. Kb2 Ne2 46. Ka3 Nf4
47. Kb2 Kb4 48. Kc2 a5 49. Kb2 a4 50. bxa4 Kxc4 51. Ka3 Ne2 52. Nh3 Kd3 53. a5
c4 54. a6 c3 55. Nf2+ Kd2 56. a7 c2 57. a8=Q c1=Q+ 58. Kb4 Qc5+ 0-1

[Event "September Lviv Tradition (IM-group B)"]
[Site "Lviv"]
[Date "2017.09.28"]
[Round "5.1"]
[White "Frolov, Artur"]
[Black "Mosesov, Danylo"]
[Result "1/2-1/2"]
[WhiteElo "2405"]
[BlackElo "2040"]
[PlyCount "144"]
[EventDate "2017.??.??"]
[EventType "tourn (corr)"]
[EventRounds "10"]

1. d4 Nf6 2. Nf3 e6 3. g3 d5 4. Bg2 c5 5. c3 Nc6 6. O-O Be7 7. Ne5 O-O 8. f4
Qc7 9. e3 Ne8 10. Nd2 f6 11. Nef3 f5 12. h3 b5 13. a3 c4 14. g4 g6 15. Ne5 Nxe5
16. fxe5 Bd7 17. gxf5 gxf5 18. Nf3 Ng7 19. Bd2 a5 20. Be1 Be8 21. Bh4 Bh5 22.
Qe1 Qd8 23. Bxe7 Qxe7 24. Kh2 Rfb8 25. Nd2 Kh8 26. Rg1 Bg6 27. Bf3 Ra7 28. Rg2
b4 29. axb4 axb4 30. Rxa7 Qxa7 31. cxb4 Qe7 32. Nb1 Rxb4 33. Nc3 Qb7 34. Qf2
Kg8 35. h4 Kf8 36. Nd1 Qf7 37. Qg3 Rb3 38. Qf4 Ke8 39. Nc3 Qb7 40. h5 Rxb2 41.
hxg6 Rxg2+ 42. Bxg2 hxg6 43. Qg5 Kf7 44. Qf6+ Kg8 45. Qxg6 Qb2 46. Na4 Qf2 47.
Qg3 Qe2 48. Nc5 Kf7 49. Qg5 c3 50. Qf6+ Kg8 51. Nxe6 Qh5+ 52. Kg3 Qg4+ 53. Kf2
c2 54. Bxd5 Qg3+ 55. Kxg3 Nh5+ 56. Kf2 Nxf6 57. Nc5+ Nxd5 58. Nd3 Kf7 59. Ke2
f4 60. e4 Nc3+ 61. Kf3 Na2 62. Kxf4 c1=Q+ 63. Nxc1 Nxc1 64. d5 Nd3+ 65. Kf5 Ke7
66. e6 Nb4 67. Ke5 Nd3+ 68. Kf5 Nb4 69. d6+ Kxd6 70. Kf6 Nc6 71. e5+ Nxe5 72.
e7 Kd7 $11 1/2-1/2

[Event "September Lviv Tradition (IM-group B)"]
[Site "Lviv"]
[Date "2017.09.28"]
[Round "5.2"]
[White "Shkuran, Danylo"]
[Black "Belunek, Vladimir"]
[Result "1-0"]
[WhiteElo "2418"]
[BlackElo "2213"]
[PlyCount "39"]
[EventDate "2017.??.??"]
[EventType "tourn (corr)"]
[EventRounds "10"]

1. e4 e5 2. Nf3 Nc6 3. Bb5 a6 4. Ba4 Nf6 5. Qe2 b5 6. Bb3 Bc5 7. c3 O-O 8. O-O
d6 9. d3 h6 10. Be3 Bxe3 11. fxe3 Na5 12. Bc2 c5 13. Nbd2 Nc6 14. Nh4 Nxe4 15.
Nxe4 Qxh4 16. Nxd6 Qe7 17. Nxc8 Raxc8 18. e4 Nd8 19. Qh5 Kh7 20. Qf5+ 1-0

[Event "September Lviv Tradition (IM-group B)"]
[Site "Lviv"]
[Date "2017.09.28"]
[Round "5.3"]
[White "Lagashin, Pavel"]
[Black "Tokranovs, Dmitrijs"]
[Result "1-0"]
[WhiteElo "2138"]
[BlackElo "2334"]
[PlyCount "45"]
[EventDate "2017.??.??"]
[EventType "tourn (corr)"]
[EventRounds "10"]

1. Nf3 Nf6 2. g3 b6 3. Bg2 Bb7 4. c4 c5 5. O-O g6 6. d4 cxd4 7. Qxd4 Bg7 8. Nc3
O-O 9. Qh4 d6 10. Bh6 Nbd7 11. Rad1 Rc8 12. b3 Re8 13. Bxg7 Kxg7 14. e4 Rc5 15.
Nd5 b5 16. Nxf6 Nxf6 17. e5 Ne4 18. Rfe1 Nc3 19. Rd3 Bxf3 20. Rxf3 b4 21. Rxf7+
Kxf7 22. Qxh7+ Kf8 23. Qh8+ 1-0

[Event "September Lviv Tradition (IM-group B)"]
[Site "Lviv"]
[Date "2017.09.28"]
[Round "5.4"]
[White "Kagramanianz, Vartan"]
[Black "Punin, Andrii"]
[Result "1/2-1/2"]
[WhiteElo "2269"]
[BlackElo "2252"]
[PlyCount "70"]
[EventDate "2017.??.??"]
[EventType "tourn (corr)"]
[EventRounds "10"]

1. d4 Nf6 2. Bf4 d5 3. e3 c5 4. Nf3 Nc6 5. dxc5 e6 6. Be2 Bxc5 7. O-O O-O 8. a3
Nh5 9. Bg3 Nxg3 10. hxg3 Qf6 11. Nc3 Rd8 12. Bd3 g6 13. Qe2 Ne5 14. e4 Nxf3+
15. Qxf3 Qxf3 16. gxf3 Bd4 17. Rab1 Bxc3 18. bxc3 b6 19. c4 dxc4 20. Bxc4 Bd7
21. Rfd1 Bc6 22. Kf1 h5 23. Ke2 Kg7 24. Ke3 Kf6 25. f4 Rac8 26. Ba6 Rb8 27. e5+
Ke7 28. c4 Rxd1 29. Rxd1 h4 30. gxh4 Rh8 31. Bb5 Bxb5 32. cxb5 Rxh4 33. Rc1 Kd7
34. Rd1+ Kc7 35. Rc1+ Kd7 $11 1/2-1/2